| 000 | nam a22 7a 4500 | ||
|---|---|---|---|
| 999 |
_c20461 _d20461 |
||
| 008 | 170119b xxu||||| |||| 00| 0 eng d | ||
| 050 |
_aG126 _b.K46 1967 |
||
| 100 | _aKendall,Henry M. | ||
| 245 |
_aIntroduction to Geography/ _cHenry M.Kendall,Robert M.Glendinnig and Clifford H.MacFadden |
||
| 250 | _a4th ed. | ||
| 260 |
_aNew York : _bHarcourt,Brace & World ,Inc. , _cc1967 |
||
| 300 |
_axvi,658p. : _bill. ; _c20cm. |
||
| 500 | _aincludes appendix and index. | ||
| 650 | _aGeography | ||
| 700 | _aGlendinning,Robert M. | ||
| 700 | _aMacFadden,Clifford H. | ||
| 942 |
_2lcc _cBOOKS _hG126 .K46 1967 |
||